[Event "OP-2013-0-02752"]
[Site "LSS email"]
[Date "2013.04.27"]
[Round "?"]
[White "Soergel, Frank"]
[Black "Sandocal, Uzmir"]
[Result "0-1"]
[WhiteElo "2144"]
[BlackElo "1496"]
[PlyCount "40"]
[EventDate "2013.04.23"]
[EventType "tourn (corr)"]
[EventRounds "4"]
[EventCountry "GER"]
[SourceTitle "Telechess CBM 163"]
[Source "ChessBase"]
[SourceDate "2014.11.11"]
[SourceVersion "2"]
[SourceVersionDate "2014.11.11"]
[SourceQuality "1"]

1. Nf3 Nf6 2. c4 Nc6 3. Nc3 e5 4. d4 exd4 5. Nxd4 Bc5 6. Nxc6 bxc6 7. g3 Rb8 8. Bg2 0-0 9. 0-0 Qe7 10. b3 Bb4 11. Bb2 Ra8 12. Nb5 Rb8 13. Bxf6 Qxf6 14. Nxa7 Qe6 15. Nxc8 Rfxc8 16. a3 Bd6 17. Qd3 Re8 18. e3 Ra8 19. Rfd1 Reb8 20. b4 g6 0-1

[Event "Regionalliga NO 0506"]
[Site "Bayern"]
[Date "2005.11.13"]
[Round "2.3"]
[White "Soergel, Frank"]
[Black "Bunk, Karsten"]
[Result "1-0"]
[WhiteElo "2114"]
[BlackElo "2135"]
[PlyCount "109"]
[EventDate "2005.10.23"]
[EventType "team-tourn"]
[EventRounds "9"]
[EventCountry "GER"]
[SourceTitle "EXT 2007"]
[Source "ChessBase"]
[SourceDate "2006.11.23"]
[SourceVersion "1"]
[SourceVersionDate "2006.11.23"]
[SourceQuality "1"]

1. g3 c5 2. Nf3 d5 3. Bg2 Nf6 4. 0-0 Nc6 5. d4 cxd4 6. Nxd4 e5 7. Nxc6 bxc6 8. c4 Be6 9. Nc3 Qd7 10. cxd5 cxd5 11. Bg5 Rd8 12. e4 d4 13. Nd5 Bxd5 14. Bxf6 gxf6 15. exd5 Rb8 16. Rc1 Bd6 17. Qh5 Ke7 18. Rc6 Rxb2 19. Bh3 Qb7 20. Bf5 Rb6 21. Rfc1 Rxc6 22. Rxc6 Rb8 23. Kg2 h6 24. Bg4 Rg8 25. f4 Qb2+ 26. Kh3 Rxg4 27. fxe5 Rxg3+ 28. hxg3 fxe5 29. Rxd6 Kxd6 30. Qxf7 Qe2 31. Qe6+ Kc5 32. Qc6+ Kb4 33. d6 Qh5+ 34. Kg2 Qe2+ 35. Kh3 Qf1+ 36. Kh2 Qe2+ 37. Qg2 d3 38. d7 Qh5+ 39. Kg1 Qg5 40. Qb7+ Kc3 41. Qc8+ Kd2 42. d8Q Qxg3+ 43. Kh1 Qf3+ 44. Kh2 e4 45. Qh3 Qxh3+ 46. Kxh3 e3 47. Kg2 Ke2 48. Qd4 a6 49. Qc4 Kd2 50. Qxa6 e2 51. Qa5+ Ke3 52. Qc3 h5 53. a4 h4 54. a5 h3+ 55. Kxh3 1-0

[Event "Regionalliga NO 0506"]
[Site "Bayern"]
[Date "2005.10.23"]
[Round "1.3"]
[White "Appel, Helmut"]
[Black "Soergel, Frank"]
[Result "1/2-1/2"]
[WhiteElo "2193"]
[BlackElo "2114"]
[PlyCount "120"]
[EventDate "2005.10.23"]
[EventType "team-tourn"]
[EventRounds "9"]
[EventCountry "GER"]
[SourceTitle "EXT 2007"]
[Source "ChessBase"]
[SourceDate "2006.11.23"]
[SourceVersion "1"]
[SourceVersionDate "2006.11.23"]
[SourceQuality "1"]

1. e4 d6 2. d4 Nf6 3. Nc3 e5 4. dxe5 dxe5 5. Qxd8+ Kxd8 6. Bc4 Be6 7. Bxe6 fxe6 8. f3 Bd6 9. Be3 Ke7 10. 0-0-0 Nbd7 11. Nh3 a6 12. Nf2 Bc5 13. Rd3 Bxe3+ 14. Rxe3 c5 15. Ncd1 c4 16. Re2 Rac8 17. Ne3 Rhd8 18. Rd1 Nb6 19. Rxd8 Kxd8 20. Nfg4 Nbd7 21. b3 Nxg4 22. Nxg4 Ke7 23. Kd2 cxb3 24. axb3 Rc6 25. Nf2 Rd6+ 26. Kc3 Nb8 27. Kb2 Nc6 28. Nd3 b6 29. Re1 a5 30. Rf1 Rd4 31. Kc3 Kd6 32. Rd1 b5 33. Re1 a4 34. bxa4 Rc4+ 35. Kd2 bxa4 36. Nb2 Rd4+ 37. Kc3 a3 38. Nc4+ Kc5 39. Nxa3 Ra4 40. Kb3 Rb4+ 41. Ka2 Ra4 42. c3 Ra7 43. Rb1 Nd8 44. Rb5+ Kd6 45. Kb3 Nf7 46. Nc4+ Kc6 47. Kb4 Ra2 48. Rb6+ Kc7 49. Kc5 Rxg2 50. h4 Nd8 51. Ra6 Rc2 52. Ra7+ Nb7+ 53. Kb4 Kc6 54. Nxe5+ Kb6 55. Ra8 Rb2+ 56. Kc4 Nd6+ 57. Kd3 Rh2 58. Rg8 g6 59. Rd8 Nb7 60. Re8 Nc5+ 1/2-1/2

[Event "Regionalliga NO 0405"]
[Site "Bayern"]
[Date "2005.03.13"]
[Round "8.3"]
[White "Soergel, Frank"]
[Black "Justen, Detlef"]
[Result "1-0"]
[WhiteElo "2063"]
[BlackElo "2143"]
[PlyCount "109"]
[EventDate "2004.10.24"]
[EventType "team-tourn"]
[EventRounds "9"]
[EventCountry "GER"]
[SourceTitle "EXT 2007"]
[Source "ChessBase"]
[SourceDate "2006.11.23"]
[SourceVersion "1"]
[SourceVersionDate "2006.11.23"]
[SourceQuality "1"]
[WhiteTeam "Schwabach"]
[BlackTeam "Gunzenhausen"]
[WhiteTeamCountry "GER"]
[BlackTeamCountry "GER"]

1. g3 e5 2. c4 Nf6 3. Bg2 c6 4. d4 exd4 5. Qxd4 Na6 6. Nc3 Bc5 7. Qe5+ Be7 8. a3 0-0 9. Nf3 Re8 10. Qd4 Nc7 11. 0-0 d5 12. cxd5 Nfxd5 13. Nxd5 Qxd5 14. e4 Qxd4 15. Nxd4 Bf6 16. Be3 Rd8 17. Rad1 Bg4 18. f3 Be6 19. Nxe6 Nxe6 20. b4 Bb2 21. Rxd8+ Rxd8 22. Bxa7 Bxa3 23. Rb1 Rd2 24. Be3 Re2 25. Bf2 Rc2 26. Rb3 Bb2 27. Rd3 Rc4 28. Rb3 Bd4 29. b5 Bxf2+ 30. Kxf2 Rc2+ 31. Kg1 c5 32. Ra3 Rd2 33. Ra8+ Rd8 34. Rxd8+ Nxd8 35. b6 Kf8 36. e5 Nc6 37. f4 Na5 38. Bd5 f6 39. Kf2 fxe5 40. fxe5 Ke7 41. Ke3 Kd7 42. Ke4 Nc6 43. h4 Nd8 44. g4 Nc6 45. h5 Nd8 46. Kf5 Ke7 47. g5 Kd7 48. h6 gxh6 49. gxh6 Ke7 50. e6 c4 51. Bxc4 Nc6 52. Bd5 Nd4+ 53. Ke5 Nb5 54. Bxb7 Nd6 55. Bd5 1-0

[Event "Budapest FS04 FM-A"]
[Site "Budapest"]
[Date "2004.04.14"]
[Round "11"]
[White "Soergel, Frank"]
[Black "Lanin, Boris Aleksandrovic"]
[Result "0-1"]
[WhiteElo "2144"]
[BlackElo "2167"]
[PlyCount "48"]
[EventDate "2004.04.04"]
[EventType "tourn"]
[EventRounds "11"]
[EventCountry "HUN"]
[SourceTitle "CBM 099 Extra"]
[Source "ChessBase"]
[SourceDate "2004.05.04"]
[SourceVersion "1"]
[SourceVersionDate "2004.05.04"]
[SourceQuality "1"]

1. g3 e5 2. c4 Nf6 3. Bg2 c6 4. d4 exd4 5. Qxd4 d5 6. Nf3 Be7 7. cxd5 cxd5 8. 0-0 Nc6 9. Qd1 0-0 10. Nbd2 Bg4 11. Nb3 Re8 12. h3 Bh5 13. Be3 Ne4 14. Nbd4 Bf6 15. Nxc6 bxc6 16. Bd4 Bxd4 17. Qxd4 c5 18. Qd1 Rb8 19. Qc1 Qb6 20. Rb1 c4 21. e3 Qa5 22. Rd1 c3 23. b4 Qxa2 24. Ra1 Qxf2+ 0-1

[Event "Budapest FS04 FM-A"]
[Site "Budapest"]
[Date "2004.04.12"]
[Round "9"]
[White "Soergel, Frank"]
[Black "Senk, Christian"]
[Result "1/2-1/2"]
[WhiteElo "2144"]
[BlackElo "2116"]
[PlyCount "44"]
[EventDate "2004.04.04"]
[EventType "tourn"]
[EventRounds "11"]
[EventCountry "HUN"]
[SourceTitle "CBM 099 Extra"]
[Source "ChessBase"]
[SourceDate "2004.05.04"]
[SourceVersion "1"]
[SourceVersionDate "2004.05.04"]
[SourceQuality "1"]

1. g3 d5 2. Nf3 Nf6 3. Bg2 e6 4. 0-0 c5 5. d4 Nc6 6. c4 dxc4 7. Qa4 Nd7 8. dxc5 Bxc5 9. Qxc4 0-0 10. Nc3 Qe7 11. Ne4 Bd6 12. Bg5 f6 13. Nxd6 Qxd6 14. Bf4 Qe7 15. Rad1 Nb6 16. Qb3 Qf7 17. Bd6 Re8 18. Nd2 Nd4 19. Qd3 e5 20. Bc5 Rd8 21. Bxd4 Rxd4 22. Qb1 Be6 1/2-1/2

[Event "AP-2004-Q-00009"]
[Site "Chessfriend.com"]
[Date "2004.03.22"]
[Round "1"]
[White "Soergel, Frank"]
[Black "Kasperek, Ryszard"]
[Result "0-1"]
[WhiteElo "2144"]
[BlackElo "2496"]
[PlyCount "32"]
[EventDate "2004.??.??"]
[EventType "tourn (corr)"]
[SourceTitle "Corr 2024"]
[Source "ChessBase"]
[SourceDate "2023.10.19"]
[SourceVersion "1"]
[SourceVersionDate "2023.10.19"]
[SourceQuality "1"]

1. e4 c5 2. Nf3 Nc6 3. d4 cxd4 4. Nxd4 Nf6 5. Nc3 d6 6. Bc4 e6 7. Be3 a6 8. Qe2 Qc7 9. 0-0-0 Na5 10. Bd3 b5 11. f4 b4 12. Nb1 e5 13. Nf5 Be6 14. Nd2 Bxa2 15. Bxa6 Nd7 16. Bb5 Be6 0-1

[Event "AP-2004-Q-00009"]
[Site "Chessfriend.com"]
[Date "2004.03.22"]
[Round "1"]
[White "Willoughby, Peter"]
[Black "Soergel, Frank"]
[Result "1-0"]
[WhiteElo "1706"]
[BlackElo "2144"]
[PlyCount "25"]
[EventDate "2004.??.??"]
[EventType "tourn (corr)"]
[SourceTitle "Corr 2024"]
[Source "ChessBase"]
[SourceDate "2023.10.19"]
[SourceVersion "1"]
[SourceVersionDate "2023.10.19"]
[SourceQuality "1"]

1. e4 c5 2. Nf3 d6 3. Bb5+ Bd7 4. Bxd7+ Nxd7 5. 0-0 Ngf6 6. Qe2 e6 7. d4 cxd4 8. Nxd4 Be7 9. Nc3 0-0 10. Be3 Rc8 11. Rad1 a6 12. Bc1 b5 13. a3 1-0

[Event "Oberliga Bayern 0304"]
[Site "Bayern"]
[Date "2003.11.23"]
[Round "3.7"]
[White "Soergel, Frank"]
[Black "Link, Ulrich"]
[Result "1-0"]
[WhiteElo "2017"]
[BlackElo "2273"]
[PlyCount "95"]
[EventDate "2003.10.12"]
[EventType "team-tourn"]
[EventRounds "9"]
[EventCountry "GER"]
[SourceTitle "EXT 2006"]
[Source "ChessBase"]
[SourceDate "2005.11.24"]
[SourceVersion "1"]
[SourceVersionDate "2005.11.24"]
[SourceQuality "1"]
[WhiteTeam "Schwabach"]
[BlackTeam "Krumbach"]
[WhiteTeamCountry "GER"]
[BlackTeamCountry "GER"]

1. c4 c6 2. e4 d5 3. exd5 cxd5 4. d4 Nf6 5. Nc3 e6 6. Nf3 Be7 7. c5 b6 8. b4 a5 9. Na4 Nfd7 10. a3 axb4 11. axb4 e5 12. Nxe5 Nxe5 13. dxe5 bxc5 14. Bb5+ Kf8 15. 0-0 cxb4 16. Be3 Bd7 17. Bxd7 Nxd7 18. Qxd5 Ra5 19. Nc5 Nxc5 20. Qxd8+ Bxd8 21. Rxa5 Bxa5 22. Bxc5+ Ke8 23. Ra1 Bd8 24. Bxb4 Kd7 25. Ra7+ Ke6 26. Ra8 g5 27. g3 Re8 28. Ba5 Kd7 29. Rxd8+ Rxd8 30. Bxd8 Kxd8 31. f4 gxf4 32. gxf4 Kd7 33. Kf2 Ke6 34. Ke3 Kf5 35. Kf3 f6 36. exf6 Kxf6 37. Kg4 Kg6 38. f5+ Kf6 39. Kf4 Kf7 40. Ke5 Ke7 41. f6+ Kf7 42. Kf5 Kf8 43. Ke6 Ke8 44. f7+ Kf8 45. Kf6 h5 46. Kg6 h4 47. h3 Ke7 48. Kg7 1-0